Представление документа в формате MARC21

Поле Инд. ПП Название Значение
Тип записи a
Библиографический уровень m
001 Контрольный номер 1ef061ae-e5b8-4b7b-8f25-4bb3410bc638
005 Дата корректировки 20161019143337.6
008 Кодируемые данные 000110 d
020 a ISBN 5-86443-047-1
c Цена, тираж 18.00
040 a Служба первич. каталог. НБ ТвГУ
041 0_ a Код языка текста rus
080 a Индекс УДК 504.54.006
a Индекс УДК 504.7.006(470)
084 a Индекс другой классификации/Индекс ББК Д821.8я431
a Индекс другой классификации/Индекс ББК Е088.2л64я431
090 c Каталожный индекс Д821.8я431 + Е088.2л64я431
x Авторский знак Э 40
a Полочн. индекс Д821.8
111 0_ a Наименов. мероприятия Экологические проблемы сохранения исторического и культурного наследия
e Соподчин. единица научно-практическая конференция
n N части/ секции 3
d Дата мероприятия 1998
c Место мероприятия Бородино
245 0_ a Заглавие Материалы Третьей научно-практической конференции "Экологические проблемы сохранения исторического и культурного наследия", (Бородино, 28-29 окт. 1998 г.)
b Продолж. заглавия сборник статей
c Ответственность Отв. ред. Ю.А. Веденин; Сост. А.В. Горбунов, Г.А. Зайцев
c Ответственность Гос. Бородин. воен.-ист. музей-заповедник
c Ответственность Рос. НИИ культур. и природ. наследия
c Ответственность Ин-т наследия
260 0_ a Место издания Москва
b Издательство Изд-во Рос. НИИ культур. и природ. наследия
c Дата издания 1999
300 a Объем 287 с.
b Иллюстрации/ тип воспроизводства ил., карт.
504 a Библиография Библиогр. в конце ст.
583 a Действие Получение впервые 696 25.12.99
k Исполнитель действия "Дом Педагогической книги"
653 0_ a Ключевые слова Музеи-заповедники
a Ключевые слова Национальные парки
a Ключевые слова Ландшафты
a Ключевые слова Культурные ландшафты
a Ключевые слова Историко-культурные ландшафты
a Ключевые слова Природные ландшафты
a Ключевые слова Охрана ландшафтов
a Ключевые слова Мониторинг историко-культурных территорий
a Ключевые слова Экология культурных ландшафтов
a Ключевые слова Экологический мониторинг
a Ключевые слова Сборники
700 1_ a Другие авторы Веденин Ю.А.
e Роль лиц отв. ред.
700 1_ a Другие авторы Горбунов А.В.
e Роль лиц сост.
700 1_ a Другие авторы Зайцева Г.А.
e Роль лиц сост.
852 41 t Порядковый номер экземпляра 2
p Инвентарный номер 718569
p Инвентарный номер 718570
888 a За наличные
901 t Тип документа m
952 p 696.99 18.00 1 718569
p 696.99 18.00 1 718570
c Вид литературы К рн
954 a Дата поступления на обработку 19991231
999 a Подразделение 2 Фил4